ბათუმის შოთა რუსთაველის სახელმწიფო უნივერსიტეტის ბიბლიოთეკა

Strength of materials / (ბიბ.ჩანაწერი № 42883)

000 -LEADER
fixed length control field 00571nam a2200217Ia 4500
001 - CONTROL NUMBER
control field 9592
003 - CONTROL NUMBER IDENTIFIER
control field GE_BSU
005 - DATE AND TIME OF LATEST TRANSACTION
control field 20221116142134.0
008 - FIXED-LENGTH DATA ELEMENTS--GENERAL INFORMATION
fixed length control field 181216s2014en xx |||||||||||||| ||eng||
020 ## - INTERNATIONAL STANDARD BOOK NUMBER
International Standard Book Number 9780486607559
040 ## - CATALOGING SOURCE
Transcribing agency GE_BSU
041 ## - LANGUAGE CODE
Language code of text/sound track or separate title emg
080 ## - UNIVERSAL DECIMAL CLASSIFICATION NUMBER
Universal Decimal Classification number 621H-31
100 ## - MAIN ENTRY--PERSONAL NAME
Personal name Hartog,Den,J.P.
9 (RLIN) 15853
245 ## - TITLE STATEMENT
Title Strength of materials /
Statement of responsibility, etc. Den,J.P. Hartog
264 ## - PRODUCTION, PUBLICATION, DISTRIBUTION, MANUFACTURE, AND COPYRIGHT NOTICE
Place of production, publication, distribution, manufacture New York :
Name of producer, publisher, distributor, manufacturer INC,
Date of production, publication, distribution, manufacture, or copyright notice 2014.
300 ## - PHYSICAL DESCRIPTION
Extent 323 p.:
Other physical details 20 cm.
653 ## - INDEX TERM--UNCONTROLLED
keyword Strength of materials
653 ## - INDEX TERM--UNCONTROLLED
keyword მასალების სიმტკიცე
942 ## - ADDED ENTRY ELEMENTS (KOHA)
Koha item type წიგნი
Source of classification or shelving scheme
ეგზემპლარები
Withdrawn status Lost status Source of classification or shelving scheme Damaged status Not for loan Permanent Location Current Location Shelving location Date acquired Cost, normal purchase price Full call number Barcode Date last seen Copy number Price effective from Koha item type Public note
          ბათუმის შოთა რუსთაველის სახელმწიფო უნივერსიტეტის მთავარი ბიბლიოთეკა ტექნოლოგიური ფაკულტეტის ბიბლიოთეკა წიგნსაცავი 2018-12-17 20.00 621H-31 32678 2018-12-17 32678 2018-12-17 წიგნი 20.00